000 00202 a2200097 4500
020 _a9789992231586
041 _aspa
100 _aJuarez martini, claudia
245 _aCiencias naturales 3
942 _cBK
999 _c11578
_d11578